[Event "Stay Safe Play From Home 305"]
[Site "Emanuel Lasker Arena"]
[Date "2020.07.15"]
[Round "7"]
[White "Lazieri3"]
[Black "Tolka"]
[Result "0-1"]
[WhiteElo "2116"]
[BlackElo "2332"]
[Annotator "TA"]
[PlyCount "102"]
[EventDate "2020.07.15"]
[EventType "swiss (blitz)"]

{[%evp 20,101,12,8,34,29,41,31,37,43,37,17,16,32,27,18,31,28,40,37,53,33,49,46,95,40,44,35,36,29,33,-1031,-1031,-1030,-1024,-5293,-5189,-29984,-29974,-29965,-5700,-29986,-29982,-29979,-29962,-29983,-29984,-29984,-29985,-29986,-29987,-29986,-29986,-29988,-29989,-29989,-29990,-29990,-29990,-29990,-29990,-29991,-29992,-29993,-29994,-29994,-29995,-29995,-29996,-29997,-29996,-29996,-29996,-29996,-29997,-29997,-29997,-29997,-29998,-29998,-29997,-29997,-29997,-29999]} 1. e4 e5 2. Nc3 Nf6 3. Nf3 Nc6 4. d4 exd4 5. Nxd4 Bb4 6. Nxc6 bxc6 7. Bd3 d5 8. exd5 cxd5 9. O-O O-O 10. Bg5 Bxc3 11. bxc3 c6 {C47: Scotch Four Knights and Four Knights with 4 g3.} 12. Qf3 h6 13. Bxf6 Qxf6 {White is slightly better.} 14. Qxf6 gxf6 15. c4 {[#]} Be6 $146 ({Predecessor:} 15... dxc4 16. Bxc4 Bf5 {½-½ (16) Haag,E-Karaklajic,N Belgrade 1959}) 16. cxd5 Bxd5 17. a3 Rab8 18. Rab1 Rb6 19. Rb4 Rfb8 20. Rfb1 Kf8 21. f3 Ke7 22. Kf2 ({Better is} 22. Re1+ $16 Kf8 23. Rf4) 22... Kd6 23. Ke3 c5 24. Rxb6+ axb6 25. Rxb6+ $2 {[%mdl 8192] [#] White does not recover from this.} (25. h4 $14) 25... Rxb6 $19 26. a4 c4 27. Be4 Bxe4 28. fxe4 {[%mdl 4096] Endgame KR-KP} Rb4 29. a5 Ra4 (29... Ke5 $142 30. Kd2 Ra4 31. Kc3 Kxe4 32. g3 Kd5 33. a6 Ra3+ 34. Kd2 Kd4 35. h4 Rxa6 36. Ke2 {[#]} Ra2 $1 {[%mdl 512]} 37. Kf3 c3 38. Kf4 Rxc2 39. Kg4 Rh2 40. Kh5 Rg2 41. Kg4 c2 42. Kf3 Rh2 43. Kf4 c1=Q+ 44. Kf5 Qc6 45. Kg4 Qe4+ 46. Kh5 Qg6#) 30. a6 Rxa6 {Black mates.} 31. Kd4 Rc6 32. c3 Ke6 33. g4 Kd6 34. h4 Ke6 35. h5 Kd6 36. g5 fxg5 {KR-K3P} 37. e5+ Ke6 38. Ke4 Rc5 39. Kd4 Rxe5 40. Kxc4 {KR-KPP} g4 41. Kd4 g3 42. c4 g2 43. c5 g1=Q+ 44. Kd3 Qd1+ 45. Kc4 Qd5+ 46. Kc3 Qxc5+ 47. Kd2 Rd5+ 48. Ke2 Qc2+ 49. Kf3 Qf5+ 50. Kg2 Rd2+ 51. Kg1 Qb1# {Accuracy: White = 70%, Black = 81%.} 0-1

[Event "Stay Safe Play From Home 305"]
[Site "Emanuel Lasker Arena"]
[Date "2020.07.15"]
[Round "7"]
[White "SoulofWolf"]
[Black "Broken sword"]
[Result "0-1"]
[WhiteElo "2113"]
[BlackElo "2413"]
[Annotator "TA"]
[PlyCount "56"]
[EventDate "2020.07.15"]
[EventType "swiss (blitz)"]

{[%evp 9,55,8,15,-14,-8,-37,-29,-31,-36,-47,-52,-60,-64,-51,-44,-56,-52,-54,-41,-30,-12,-64,-58,-63,-51,-64,-42,-52,-47,-72,-45,-50,-38,-62,-64,-62,-39,-54,-50,-71,-13,-29992,-29993,-29998,-3708,-29997,-29991,-29999]} 1. c4 c6 2. Nf3 d5 3. e3 Nf6 4. Be2 Bf5 5. O-O e6 6. cxd5 {A11: English Opening: 1...c6.} exd5 7. d4 Nbd7 8. Nbd2 {Black has an edge.} Bd6 9. Re1 O-O 10. Nf1 {[#]} Re8 $146 ({Predecessor:} 10... Ne4 11. Bd3 Re8 12. b3 h6 13. a4 a5 14. Ba3 Bxa3 15. Rxa3 Qf6 16. Ra2 Nc3 {0-1 (37) Plata,G-Corredor Castellanos,C (1882) Bogota 2013}) 11. Ng3 Bg6 12. b3 Rc8 13. Bb2 Bb8 14. Rc1 Qe7 15. Bd3 (15. Nh4 $11) 15... Bxd3 $15 16. Qxd3 Ne4 17. Ne2 Qd6 18. Rc2 Rcd8 19. Rec1 Nf8 {[%cal Bd7f8,Bf8g6,Bg6h4,Bh4f3][%mdl 32]} 20. a4 Ng6 21. Ra1 {[#]} Nh4 $1 {[%mdl 512] ...Nxf3+ is the strong threat.} 22. Ng3 $1 (22. Nxh4 Qxh2+) 22... Nxf3+ 23. gxf3 Ng5 $36 {[%mdl 2048] White is under pressure.} 24. Kg2 $1 Qh6 {[#]} ({Black should try} 24... g6 $17 {Hoping for ...Qd7.} 25. f4 Ne6) 25. Nf1 $2 {[%mdl 8192] This move loses the game for White.} (25. h4 $1 $11 {[%mdl 512]} Ne6 (25... Qxh4 26. Rh1) 26. Rh1) 25... Qh3+ {[%mdl 64] Double Attack} 26. Kh1 Nxf3 (26... Qxf3+ $142 27. Kg1 Nh3#) 27. Rc3 Nxh2 28. Kg1 Nf3# {Accuracy: White = 62%, Black = 80%.} 0-1

[Event "Stay Safe Play From Home 305"]
[Site "Emanuel Lasker Arena"]
[Date "2020.07.15"]
[Round "7"]
[White "Fischer_11"]
[Black "Lamborghini"]
[Result "0-1"]
[WhiteElo "1995"]
[BlackElo "2133"]
[Annotator "NA RC"]
[PlyCount "68"]
[EventDate "2020.07.15"]
[EventType "swiss (blitz)"]

1. e4 {[%emt 0:00:01]} g6 {[%emt 0:00:01]} 2. d4 {[%emt 0:00:01]} Bg7 {[%emt 0:00:00]} 3. Nc3 {[%emt 0:00:00]} c5 {[%emt 0:00:01]} 4. Be3 {[%emt 0:00:01]} Qa5 {[%emt 0:00:03]} 5. Qd2 {[%emt 0:00:02]} cxd4 {[%emt 0:00:01]} 6. Bxd4 {[%emt 0:00:00]} Bxd4 {[%emt 0:00:01]} 7. Qxd4 {[%emt 0:00:00]} Nf6 {[%emt 0:00:00]} 8. O-O-O {[%emt 0:00:02]} Nc6 {[%emt 0:00:01]} 9. Qd3 {[%emt 0:00:01]} d6 {[%emt 0:00:01]} 10. f4 {[%emt 0:00:02]} Be6 {[%emt 0:00:01]} 11. Kb1 {[%emt 0:00:03]} O-O {[%emt 0:00:02]} 12. Nf3 {[%emt 0:00:01]} Rfc8 {[%emt 0:00:01]} 13. Nd5 {[%emt 0:00:03]} Nxd5 {[%emt 0:00:04]} 14. exd5 {[%emt 0:00:00]} Bf5 {[%emt 0:00:01]} 15. Qd2 {[%emt 0:00:02]} Nb4 {[%emt 0:00:01]} 16. a3 {[%emt 0:00:07]} Rxc2 {[%emt 0:00:01]} 17. Qxb4 {[%emt 0:00:06]} Rd2+ {[%emt 0:00:03]} 18. Kc1 {[%emt 0:00:07]} Rc2+ {[%emt 0:00:04]} 19. Kb1 {[%emt 0:00:01]} Rc4+ {[%emt 0:00:01]} 20. Ka1 {[%emt 0:00:03]} Rxb4 {[%emt 0:00:01]} 21. Bd3 {[%emt 0:00:04]} Bxd3 {[%emt 0:00:01]} 22. Rxd3 {[%emt 0:00:00]} Rc8 {[%emt 0:00:01]} 23. Rhd1 {[%emt 0:00:02]} Rxf4 {[%emt 0:00:01]} 24. g3 {[%emt 0:00:01]} Rxf3 {[%emt 0:00:01]} 25. Rxf3 {[%emt 0:00:01]} Kg7 {[%emt 0:00:01]} 26. Ka2 {[%emt 0:00:01]} Rc7 {[%emt 0:00:01]} 27. Re3 {[%emt 0:00:01]} Qb5 {[%emt 0:00:01]} 28. Rb3 {[%emt 0:00:01]} Qc4 {[%emt 0:00:01]} 29. Rdd3 {[%emt 0:00:03]} a5 {[%emt 0:00:00]} 30. Rdc3 {[%emt 0:00:00]} Qxc3 {[%emt 0:00:01]} 31. Rxc3 {[%emt 0:00:00]} Rxc3 {[%emt 0:00:03]} 32. bxc3 {[%emt 0:00:00]} f5 {[%emt 0:00:01]} 33. Kb3 {[%emt 0:00:00]} e5 {[%emt 0:00:00]} 34. dxe6 {[%emt 0:00:01] .} Kf6 {[%emt 0:00:01]} 0-1

[Event "Stay Safe Play From Home 305"]
[Site "Emanuel Lasker Arena"]
[Date "2020.07.15"]
[Round "7"]
[White "NeatFox"]
[Black "Mepe_Nika"]
[Result "0-1"]
[WhiteElo "1841"]
[BlackElo "2343"]
[Annotator "TA"]
[PlyCount "130"]
[EventDate "2020.07.15"]
[EventType "swiss (blitz)"]

{[%evp 9,130,-119,-33,-20,-27,-35,-18,-26,-31,-29,-32,-40,-32,-54,-60,-75,22,12,103,0,-10,-444,-454,-1021,-1002,-1223,-76,-67,-73,-66,0,-84,-66,-66,-62,-73,276,-56,-29,-51,-53,-74,644,-25,-47,-39,-33,-109,-111,-139,-137,-272,-274,-293,-283,-308,-301,-279,-76,-189,-177,-177,0,-173,-41,-39,-50,-159,-11,-479,0,-1907,1712,0,0,0,0,0,0,0,0,0,0,0,0,0,0,0,0,-50,-50,-50,-50,-50,-50,-50,-28,-50,0,-50,-50,-58,-21,-202,0,-58,0,-58,0,-58,0,0,29995,0,0,0,0,-186,29993,0,0,0,5]} 1. g4 d5 2. Bg2 Bxg4 3. c4 c6 4. cxd5 cxd5 5. Qb3 Nd7 (5... Nf6 $1 $17 6. Nc3 e6) 6. Bxd5 $15 {[%csl Gb3][%cal Rd5f7] A00: Irregular Openings.} e6 {[#]} 7. Bf3 $146 ({Predecessor:} 7. Bg2 Rc8 8. Nc3 b6 9. d3 Bh5 10. Bf4 Nc5 11. Qb5+ Qd7 12. Nf3 Qxb5 13. Nxb5 {0-1 (46) Papay,J (1947)-Saffova,M (1717) Teplice 2013}) 7... Rc8 8. Nc3 Ngf6 9. Qxb7 Bc5 10. Bxg4 Nxg4 11. e3 O-O $1 $36 {[%mdl 3072] Black has compensation. Black has good play.} 12. d4 {[#]} Bb6 (12... e5 $1 $17 {[%cal Re5d4]} 13. Nge2 Bb6) 13. Qg2 Ndf6 (13... Ba5 $11) 14. Qf3 (14. Nge2 $16) 14... e5 $11 15. dxe5 $2 {[%mdl 8192]} (15. h3 $1 $11 Nh6 16. Nge2 (16. dxe5 Nd7 $11)) 15... Nxe5 $19 16. Qg2 (16. Qe2 $142 Ba5 17. Bd2) 16... Nd3+ 17. Kf1 {[#]} Nxc1 $2 (17... Rxc3 $1 $19 {[%mdl 512] and Black stays clearly on top.} 18. Ne2 (18. bxc3 Nf4) 18... Rc2) 18. Rxc1 $17 Qd3+ 19. Nge2 Rfd8 (19... Rxc3 $15 20. bxc3 Ne4) 20. Re1 (20. Qf3 $11 {remains equal.}) 20... Ba5 {[%cal Rc8c3]} 21. Rg1 {[%csl Gg1][%cal Rg2g7]} g6 {[%cal Ra5c3]} 22. Qf3 Nd5 $2 {[%mdl 8192]} (22... Bxc3 $17 {and life is bright.} 23. bxc3 Ne4) 23. Kg2 $2 (23. Rd1 $18 Rxc3 24. Rxd3 Rxd3 25. Nc1 Rd1+ 26. Kg2 Rxg1+ 27. Kxg1) 23... Nxc3 (23... Bxc3 {with more complications.} 24. bxc3 Nxc3 25. Nxc3 Qxc3 26. Rb1 Rc5) 24. Nxc3 Bxc3 25. bxc3 Rxc3 $2 {[%mdl 8192]} (25... Qxc3 $17 26. Rd1 Qa5) 26. Rc1 $2 (26. Rd1 $18) 26... Rxc1 $11 27. Rxc1 {[%mdl 4096] Endgame KQR-KQR} Qd2 28. Rf1 (28. Qf6 $15) 28... Qxa2 $17 29. Qb7 a5 {[%cal Ba7a5,Ba5a4][%mdl 32]} 30. Qc7 (30. Qe4 $17 {was called for.}) 30... Qd5+ $19 31. Kg1 a4 32. Ra1 Qg5+ 33. Kf1 Kg7 $2 (33... Qb5+ $19 {has better winning chances.} 34. Kg1 Rd3) 34. Rxa4 (34. Qc3+ $17 Kg8 35. Rxa4) 34... Rd1+ 35. Ke2 Qd5 $2 (35... Qh5+ $19 36. f3 Rh1) 36. Rc4 $2 (36. Qc3+ $11 Kg8 37. Qc8+ Kg7 38. Qc3+ Kg8 39. Qc8+ Kg7 40. Qc3+) 36... Qd3+ (36... Rh1 $19 {[%csl Gh1][%cal Rd5d1]} 37. Rc1 Qh5+ {[%mdl 64] Double Attack} 38. Kd2 Qd5+ 39. Ke2 Qh5+ {[%mdl 64] Double Attack} 40. Kd2 Qd5+ 41. Ke2) 37. Kf3 $15 {And now Qe5+ would win.} Qf5+ 38. Ke2 (38. Rf4 $1 $15 Qd5+ 39. Ke2) 38... Rd7 (38... Ra1 $17 {White must now prevent ...Ra2+.} 39. Qf4 Qh5+ 40. Qg4 Ra2+ 41. Kf3 Qxh2) 39. Qc5 $2 {[%mdl 8192]} (39. Qf4 $11) 39... Qe6 $2 (39... Qd3+ $19 40. Kf3 Rd5) 40. Qd4+ $2 {[%mdl 8192]} (40. h4 $11) 40... Qf6 $4 {[%mdl 8192]} (40... Rxd4 $19 41. Rxd4 Qh3) 41. Qxf6+ $2 ({White has to play} 41. Qxd7 $18 Qa6 42. Qd4+ Kh6 43. Kf3) 41... Kxf6 $18 {KR-KR} 42. Re4 Kg7 43. Rf4 Rd6 44. Rf3 Rf6 45. e4 Re6 46. Re3 Re7 47. f3 Re6 48. f4 h5 49. f5 gxf5 50. exf5 Rf6 51. Rf3 Kh6 52. Kf2 Rd6 53. Kg3 Rd7 54. Rf4 Rd5 55. h3 Rd3+ 56. Kf2 $2 (56. Kh4 $11) 56... Rd5 $2 ({Black should try} 56... Kg5 $19 57. Rb4 Rxh3) 57. Kf3 (57. Kg3 $1 $11) 57... Rd6 (57... Kg5 $15 58. h4+ Kf6) 58. Ke3 (58. h4 $1 $11) 58... Rf6 ({Black should play} 58... Kg5 $15 59. Rf3 Ra6 60. Rg3+ Kf6) 59. Ke4 ({Better is} 59. h4 $11) 59... Kg5 (59... Ra6 $15) 60. Ke5 {White wants to mate with h4+.} Kh6 $2 {[%mdl 8192]} (60... Ra6 $11 61. h4+ Kh6) 61. Rf3 $2 (61. Kxf6 Kh7 62. Re4 Kh8 63. Re8+ Kh7 64. h4 Kh6 65. Rh8#) 61... Rc6 $11 62. Rg3 Rc5+ 63. Kd6 $2 (63. Kf6 $11 {and White is okay.}) 63... Rc6+ $4 {[%mdl 8192]} (63... Rxf5 $19 64. Rg2 Rg5) 64. Ke7 $2 (64. Kxc6 {mates} Kh7 65. Kd7 h4 66. Rg4 Kh8 67. Ke7 Kh7 68. Kf6 Kh8 69. Kxf7 Kh7 70. Rxh4#) 64... f6 65. Kf7 Rc7+ {[%mdl 32768] What a fight! Accuracy: White = 41%, Black = 49%. . Loss on time!?} 0-1

[Event "Stay Safe Play From Home 305"]
[Site "Emanuel Lasker Arena"]
[Date "2020.07.15"]
[Round "7"]
[White "Klasman"]
[Black "TheCHESSHOUSE"]
[Result "0-1"]
[WhiteElo "1300"]
[BlackElo "2042"]
[Annotator "TA"]
[PlyCount "58"]
[EventDate "2020.07.15"]
[EventType "swiss (blitz)"]

{[%evp 9,58,22,22,18,56,47,59,-8,76,5,80,54,120,106,110,112,131,-79,-85,-83,-63,-80,208,-150,-150,-195,-115,-210,-207,-224,-206,-210,-184,-568,-536,-687,-523,-472,-238,-622,-591,-697,-684,-779,-716,-867,-833,-825,-785,-843,-839]} 1. f4 g6 2. e4 Bg7 3. d4 d6 4. Nf3 Nf6 5. e5 dxe5 6. fxe5 {B06: Modern Defence.} Nd5 7. c4 Nb6 8. Nc3 (8. h3 $14) 8... O-O (8... c5 $1 $11) 9. Be3 (9. c5 $16 Nd5 10. Bc4 Nxc3 11. bxc3) 9... c6 {[#]} (9... c5 $1 $11 {remains equal.}) 10. Bd3 $146 ({Predecessor:} 10. Qd2 f6 11. exf6 exf6 12. Be2 Be6 13. b3 Bf7 14. O-O N8d7 15. Rad1 Re8 16. Rfe1 Qe7 {½-½ (66) Vrkota,M (2059)-Hasek,V (2015) Czechia 2013}) 10... a5 (10... Be6 $14) 11. O-O $16 Na6 12. a3 Be6 13. Ng5 $2 {[#]} (13. Qe2 $16 {and life is bright.}) 13... Bxc4 $17 14. Bxc4 Nxc4 15. Bf2 Nxb2 $2 {[%mdl 8192]} (15... Nc7 $17 {keeps the pressure on.}) 16. Qc2 $2 (16. Qe2 $18) 16... Nc4 17. Nce4 Nb6 ({Black should try} 17... b5 $19 18. a4 Nb4) 18. e6 (18. Rab1 $17) 18... f5 19. Nf7 Qd5 20. Neg5 h6 ({Not} 20... Bxd4 21. Rad1 $11) 21. h4 $2 (21. Nf3 {is tougher.}) 21... hxg5 $19 22. hxg5 Rxf7 23. exf7+ Qxf7 (23... Kxf7 $142 24. Qb2 Qb5) 24. g3 $2 (24. Rab1 Nd5 25. Rxb7) 24... Nd5 {Black is clearly winning.} 25. Kg2 Rf8 26. Rh1 f4 {[#] White must now prevent ...fxg3.} 27. g4 f3+ 28. Kg1 Qf4 29. Rh4 Qxg5 {Accuracy: White = 22%, Black = 45%.} 0-1

[Event "Stay Safe Play From Home 305"]
[Site "Emanuel Lasker Arena"]
[Date "2020.07.15"]
[Round "8"]
[White "Broken sword"]
[Black "Tolka"]
[Result "1-0"]
[WhiteElo "2419"]
[BlackElo "2339"]
[Annotator "TA"]
[PlyCount "105"]
[EventDate "2020.07.15"]
[EventType "swiss (blitz)"]

{[%evp 10,105,67,51,54,26,35,17,46,41,48,35,203,191,203,212,271,217,285,249,243,245,246,243,225,226,233,211,214,213,217,213,229,209,216,206,221,222,237,230,267,217,222,210,205,210,228,214,198,178,185,159,272,266,301,294,325,329,308,298,356,327,588,368,648,642,674,653,855,855,837,821,847,844,913,678,1066,0,1136,809,784,776,828,789,2197,2163,2075,2113,29986,2008,29986,5038,29985,29986,29986,29986,29986,29987]} 1. e4 e6 2. d4 d5 3. Nd2 dxe4 4. Nxe4 Bd7 5. Nf3 Bc6 6. Ng3 (6. Bd3 {looks sharper.} Nd7 7. c3 Ngf6 8. Nxf6+ Nxf6 9. O-O) 6... Nd7 {C10: French with 3 Nc3: Unusual Black 3rd moves and 3...dxe4.} 7. c3 Ngf6 8. Be2 {[#]} Bxf3 $146 {The position is equal.} ({Predecessor:} 8... Bd6 9. Be3 Qe7 10. Qd2 Bxf3 11. Bxf3 c6 12. O-O Nb6 13. Rfe1 O-O-O 14. a4 Nfd5 {½-½ (45) Velasquez,A (1957)-Morales,D (1843) Cartagena 2019}) 9. Bxf3 c6 10. Qb3 Bd6 $2 {[#]} (10... Qc7 $14) 11. Qxb7 $18 O-O 12. Qxc6 Qe7 13. Qa4 Rab8 14. O-O Nb6 15. Qc2 Nbd5 16. Re1 Qc7 17. Nf1 Rfc8 18. h3 Nb4 19. Qd1 Nbd5 20. Ne3 Nf4 21. Ng4 Nxg4 22. Bxg4 Ng6 23. Bf3 Qb6 24. Be4 Bc7 25. Bxg6 hxg6 26. Qf3 Qd6 27. g3 Qd7 28. Kg2 Rb5 29. b3 Rf5 30. Qe4 Bb6 (30... Ba5 $16) 31. Bb2 a5 32. Rad1 a4 33. c4 axb3 34. axb3 Qa7 35. Re2 Qa5 $2 (35... Qb8 {keeps fighting.} 36. Ra1 Bd8) 36. Rd3 Qb4 $2 (36... Qa6 37. g4 Ra5) 37. g4 Ra5 38. Bc3 Qa3 39. Bxa5 Qxa5 40. d5 exd5 41. Qxd5 Qa7 42. Rdd2 Ba5 43. Rd3 $2 ({White should play} 43. Ra2 $18) 43... Qc7 $2 {[%mdl 8192]} (43... Bb6 $11 44. Qd7 Qxd7 45. Rxd7 Bc5) 44. Rf3 Bb6 45. Rd2 Rf8 46. Qd6 Qc8 47. Qxb6 Qe8 48. Qd6 Qe1 49. Qd5 (49. Re3 $142 Qxe3 50. fxe3 Rc8 {[#]} 51. Qd8+ $3 {[%mdl 512]} Rxd8 52. Rxd8+ Kh7 53. c5 g5 54. c6) 49... Qc1 50. Rd4 (50. Re2 $142 Kh7 51. Rxf7 Rxf7 52. Qxf7 Qc3 53. Re6 Qb4 54. Qxg6+ Kg8 55. Re8+ Qf8 56. Qe6+ Kh7 57. Rxf8 g6 58. Rg8 Kh6 59. Qxg6#) 50... Qa1 51. Rdf4 {White mates.} Qa7 52. Rxf7 Rxf7 53. c5 {Black did not feel at home in the position after the opening. Accuracy: White = 75%, Black = 40%.} 1-0

[Event "Stay Safe Play From Home 305"]
[Site "Emanuel Lasker Arena"]
[Date "2020.07.15"]
[Round "8"]
[White "Mepe_Nika"]
[Black "Lamborghini"]
[Result "0-1"]
[WhiteElo "2345"]
[BlackElo "2143"]
[Annotator "TA"]
[PlyCount "76"]
[EventDate "2020.07.15"]
[EventType "swiss (blitz)"]

{[%evp 12,76,60,54,73,52,54,52,39,41,66,54,60,70,68,53,63,6,60,60,73,43,61,-16,32,31,39,-100,-77,-171,-162,-137,-156,-372,-375,-477,-472,-430,-321,-579,-519,-577,-550,-669,-637,-1520,-1485,-5869,-1320,-29996,-29997,-29997,-29986,-29988,-2552,-29994,-29990,-29988,0,-29994,-2436,-29995,-29989,-29994,-29995,-29997,-29996]} 1. d4 Nf6 2. c4 c5 3. d5 d6 4. Nc3 e5 5. e4 Be7 6. g3 O-O 7. Bg2 a6 {A56: Czech Benoni.} 8. Nge2 b5 9. cxb5 axb5 {White is slightly better.} 10. Nxb5 Ba6 11. Nbc3 Nbd7 12. O-O Qb6 {[#]} 13. h3 $146 ({Predecessor:} 13. Qc2 Rfb8 14. Rb1 Bd8 15. b3 Qa7 16. a4 Ba5 17. Na2 Rb6 18. Bf3 Rab8 19. Be3 {0-1 (61) Kjartansson,G (2357)-Williams,S (2506) Reykjavik 2012}) 13... Rfb8 14. b3 (14. Rb1 $14) 14... Ne8 (14... c4 $11) 15. Be3 $14 Bd8 16. Kh2 Qc7 17. f4 (17. Qd2 $14) 17... Qc8 18. Rc1 Ba5 19. a3 (19. Rf2 $14 {keeps the upper hand.}) 19... Qb7 $17 20. Rb1 (20. b4 $17 cxb4 21. axb4 Bxb4 22. Rf2) 20... Bxc3 $1 $19 21. Nxc3 Bxf1 22. Qxf1 $2 (22. Bxf1 $17 Rxa3 23. Bc4) 22... Rxa3 23. fxe5 Nxe5 24. Bf4 Qe7 25. Na4 $2 (25. Nb5 Ra5 26. Nc3) 25... Raxb3 26. Rxb3 Rxb3 27. Qa6 Ra3 28. Qa8 {[#]} Ra2 $1 {( -> ...Nf3+)} 29. h4 h6 (29... Nf3+ $142 30. Kh3 Ng1+ 31. Kh2 Qxe4 {[%mdl 64] Double Attack} 32. Qxe8+ Qxe8) 30. Kh3 Qd7+ {[%mdl 64] Double Attack} 31. Kh2 Rxa4 32. Qb8 Ra2 (32... Ng4+ $142 33. Kh3 Ra2 34. Qxe8+ {[%mdl 64] Remove Defender} Qxe8 35. Kxg4 f5+ $1 {[%mdl 512]} 36. Kh3 Qh5 $1 {[%mdl 512]} 37. exf5 Qxf5+ 38. Kh2 Qc2 $1 {[%mdl 512]} 39. Bd2 Qxd2 40. Kh3 h5 41. Kh2 Qxg2#) 33. Kh1 Ra1+ 34. Kh2 Ra2 35. Kh1 $1 {[#]} Kh7 (35... Nf3 $142 $1 36. g4 (36. Bxf3 Qh3+) 36... Qxg4 {[%mdl 64] Double Attack} 37. Bg3 Ra1+ 38. Qb1 Rxb1+ 39. Bf1 Qh3+ {[%mdl 64] Double Attack} 40. Bh2 Rxf1#) 36. g4 Nf6 {Black mates.} 37. g5 {[#]} Qg4 $1 {[%csl Ga2][%cal Rg4g2][%mdl 64] Double Attack} 38. Bf1 Qxf4 {Accuracy: White = 32%, Black = 72%.} 0-1

[Event "Stay Safe Play From Home 305"]
[Site "Emanuel Lasker Arena"]
[Date "2020.07.15"]
[Round "8"]
[White "Weltszmerc"]
[Black "Klasman"]
[Result "1-0"]
[WhiteElo "2146"]
[BlackElo "1299"]
[Annotator "TA"]
[PlyCount "33"]
[EventDate "2020.07.15"]
[EventType "swiss (blitz)"]

{[%evp 9,33,65,112,38,50,-10,110,100,140,121,314,308,385,269,282,264,594,568,557,564,443,400,411,343,1654,1609]} 1. d4 f5 2. c4 Nf6 3. h3 e6 4. g4 fxg4 5. hxg4 Nxg4 {[#]} 6. Qd3 $146 {A84: Dutch Defence: 2 c4 Miscellaneous.} (6. e4 $16 Bb4+ 7. Nc3) ({Predecessor:} 6. e4 Bb4+ 7. Bd2 Nxf2 8. Kxf2 Qf6+ 9. Nf3 Bxd2 10. Qxd2 Nc6 11. e5 Qf7 12. Nc3 {1-0 (40) Dannhaeuser,K (1728)-Liebert,F (1859) Vellmar 2012}) 6... Nf6 7. Nh3 ({White should try} 7. Nc3 $14) 7... c6 (7... d5 $11 {keeps the balance.}) 8. Ng5 {[%cal Rh1h7] [#] And now Rxh7 would win.White is better.} Bb4+ 9. Nc3 {[%cal Rh1h7] Strongly threatening Rxh7.} Bxc3+ $2 {This costs Black the game.} (9... Qe7 $16 {is a better defense.}) 10. bxc3 $18 {[%cal Rh1h7] Rxh7 is the strong threat.} ({Less strong is} 10. Qxc3 h6 $16) 10... d5 11. Nxh7 Rxh7 12. Qg6+ ({Don't do} 12. Rxh7 $6 Nxh7 13. Qg6+ (13. Qxh7 Qe7 $16) 13... Kf8 $18) 12... Ke7 $2 (12... Kd7 {is more resistant.} 13. Rxh7 Nxh7) 13. Rxh7 Nxh7 14. Qxg7+ ({Not} 14. Qxh7 Kf7 $18) 14... Ke8 15. Qxh7 {[#] Hoping for Bh6.} Qe7 16. Qg8+ Kd7 $2 (16... Qf8 17. Qh7 Qe7 18. Qh5+ Qf7 19. Qh8+ Qf8 20. Qh5+ Qf7 21. Qh8+ Qf8 22. Qh5+ Qf7) 17. Bg5 {Accuracy: White = 38%, Black = 18%.} 1-0

[Event "Stay Safe Play From Home 305"]
[Site "Emanuel Lasker Arena"]
[Date "2020.07.15"]
[Round "8"]
[White "Lazieri3"]
[Black "Fischer_11"]
[Result "1-0"]
[WhiteElo "2109"]
[BlackElo "1984"]
[Annotator "NA RC"]
[PlyCount "69"]
[EventDate "2020.07.15"]
[EventType "swiss (blitz)"]

1. e4 {[%emt 0:00:01]} Nf6 {[%emt 0:00:01]} 2. Nc3 {[%emt 0:00:00]} d5 {[%emt 0:00:00]} 3. exd5 {[%emt 0:00:01]} Nxd5 {[%emt 0:00:00]} 4. Nxd5 {[%emt 0:00:00]} Qxd5 {[%emt 0:00:01]} 5. Qf3 {[%emt 0:00:00]} Qc5 {[%emt 0:00:01]} 6. Qe3 {[%emt 0:00:00]} Qxc2 {[%emt 0:00:02]} 7. Bd3 {[%emt 0:00:01]} Qc6 {[%emt 0:00:02]} 8. Nf3 {[%emt 0:00:01]} Bg4 {[%emt 0:00:04]} 9. Qg5 {[%emt 0:00:02]} Bxf3 {[%emt 0:00:02]} 10. Bb5 {[%emt 0:00:01]} Nd7 {[%emt 0:00:04]} 11. Bxc6 {[%emt 0:00:02]} Bxc6 {[%emt 0:00:00]} 12. O-O {[%emt 0:00:01]} f6 {[%emt 0:00:00]} 13. Qg3 {[%emt 0:00:02]} e5 {[%emt 0:00:00]} 14. d4 {[%emt 0:00:01]} exd4 {[%emt 0:00:02]} 15. Qxc7 {[%emt 0:00:01]} Kf7 {[%emt 0:00:04]} 16. Bf4 {[%emt 0:00:03]} Bb4 {[%emt 0:00:04]} 17. a3 {[%emt 0:00:02]} Rac8 {[%emt 0:00:01]} 18. Qxc8 {[%emt 0:00:01]} Rxc8 {[%emt 0:00:02]} 19. axb4 {[%emt 0:00:00]} a6 {[%emt 0:00:01]} 20. Rfe1 {[%emt 0:00:02]} Nb6 {[%emt 0:00:02]} 21. Bd6 {[%emt 0:00:01]} Nd5 {[%emt 0:00:01]} 22. f3 {[%emt 0:00:03]} Rd8 {[%emt 0:00:01]} 23. Bc5 {[%emt 0:00:01]} b6 {[%emt 0:00:01]} 24. Bxd4 {[%emt 0:00:01]} Nxb4 {[%emt 0:00:02]} 25. Bxb6 {[%emt 0:00:01]} Rb8 {[%emt 0:00:03]} 26. Bc5 {[%emt 0:00:02]} Nc2 {[%emt 0:00:01]} 27. Re7+ {[%emt 0:00:02]} Kg6 {[%emt 0:00:01]} 28. Rxa6 {[%emt 0:00:01]} Bb5 {[%emt 0:00:05]} 29. Raa7 {[%emt 0:00:01]} Rg8 {[%emt 0:00:05]} 30. h4 {[%emt 0:00:04]} h5 {[%emt 0:00:01]} 31. g4 {[%emt 0:00:01]} hxg4 {[%emt 0:00:02]} 32. fxg4 {[%emt 0:00:00]} Bd3 {[%emt 0:00:03]} 33. h5+ {[%emt 0:00:01]} Kg5 {[%emt 0:00:01]} 34. Be3+ {[%emt 0:00:01]} Kh4 {[%emt 0:00:01]} 35. Bf2+ {[%emt 0:00:01] Zeit (Lag: Av=0.53s, max=0.7s)} 1-0